Distributive Justice and the optimal taxation of wages and interest in a growing economy (Registro nro. 25634)
[ vista simple ]
| 000 -LEADER | |
|---|---|
| fixed length control field | 00389 a2200109 4500 |
| 001 - CONTROL NUMBER | |
| control field | ART_11553 |
| 005 - DATE AND TIME OF LATEST TRANSACTION | |
| control field | 20260410161858.0 |
| 008 - FIXED-LENGTH DATA ELEMENTS--GENERAL INFORMATION | |
| fixed length control field | 260409a |
| 100 1# - MAIN ENTRY--PERSONAL NAME | |
| Personal name | Ordover, Janusz A. |
| 245 10 - TITLE STATEMENT | |
| Title | Distributive Justice and the optimal taxation of wages and interest in a growing economy |
| 773 0# - HOST ITEM ENTRY | |
| Title | Journal of public economics |
| Related parts | - Vol. 5, Nº 1/2 (ene./feb. 1976) |
| Record control number | REV11485 |
No hay ítems disponibles.